000 00616nam a2200217Ia 4500
005 20260429112141.0
008 260429s9999||||xx |||||||||||||| ||und||
020 _a9781032487106
041 _aEnglish
082 _a394.2
_bMAI
100 _aMair, Judith
245 0 _aInternational case studies in event management /
_cJudith Mair
250 _a1st ed.
260 _aLondon :
_bRoutledge,
_c2024.
300 _axxvi, 230 p.; pbk
440 _aRoutledge internaltional case studies in tourism
650 _aSpecial events management
700 _a Aktas, Gurhan
700 _a Kozak, Metin
942 _cTB
999 _c52610
_d52610